Estadísticas para Países por Deforestación

Haz click aquí para intentar la prueba.

Estadísticas generales

  • Esta prueba ha sido intentada 610 veces
  • La puntuación promedio es 10 de 18

Estadísticas de respuestas

km2%País% Correcto
531,670Brasil
98%
59,153Colombia
88%
76,810Argentina
82%
77,850R. D. Congo
80%
275,350Indonesia
77%
80,310Bolivia
70%
41.3Níger
62%
102,41059.4Nigeria
58%
98,600Tanzania
58%
56.3Uganda
47%
101,770Myanmar
44%
41.7Pakistán
39%
81,02036.6Zimbabue
39%
31.0Nicaragua
33%
72.6Togo
32%
43.6Honduras
31%
45.9Mauritania
29%
38.7Corea del Norte
24%

Distribución de puntuación

Porcentaje por número respondido

Porcentaje de gente con cada puntuación

Historial de tus puntuaciones

No has intentado esta prueba.